[Event "Gatineau TORO U1500"]
[Site "Gatineau CAN"]
[Date "2013.06.08"]
[Round "2"]
[White "Ju, Terrence"]
[Black "Fangakis, Evan"]
[Result "0-1"]
[WhiteElo "1286"]
[BlackElo "1464"]
[PlyCount "52"]
[GameId "2160767909347642"]
[EventDate "2013.06.07"]
[EventType "swiss"]
[EventRounds "5"]
[EventCountry "CAN"]
[SourceTitle "EXT 2022"]
[Source "ChessBase"]
[SourceDate "2021.10.06"]
[SourceVersion "1"]
[SourceVersionDate "2021.10.06"]
[SourceQuality "1"]

1. d4 d5 2. c4 c6 3. Nc3 Nf6 4. Nf3 e6 5. Bg5 Nbd7 6. e3 Qa5 7. cxd5 exd5 8. Bd3 Bb4 9. Qc2 O-O 10. O-O Re8 11. a3 Bd6 12. b4 Qc7 13. Rac1 h6 14. Bh4 a6 15. e4 dxe4 16. Bxe4 Nxe4 17. Nxe4 Bf4 18. Rcd1 Qb8 19. Rfe1 Re6 20. d5 cxd5 21. Rxd5 Rc6 22. Neg5 Rxc2 23. Re8+ Nf8 24. Rxf8+ Kxf8 25. Rd8+ Ke7 26. Ne4+ f6 0-1

[Event "Gatineau TORO U1500"]
[Site "Gatineau CAN"]
[Date "2013.06.08"]
[Round "2"]
[White "Kellar, Ben"]
[Black "Bergeron, Jean-Guy"]
[Result "1-0"]
[WhiteElo "1167"]
[BlackElo "1428"]
[PlyCount "93"]
[GameId "2160767909347643"]
[EventDate "2013.06.07"]
[EventType "swiss"]
[EventRounds "5"]
[EventCountry "CAN"]
[SourceTitle "EXT 2022"]
[Source "ChessBase"]
[SourceDate "2021.10.06"]
[SourceVersion "1"]
[SourceVersionDate "2021.10.06"]
[SourceQuality "1"]

1. Nf3 d5 2. d4 Nc6 3. c4 Bg4 4. e3 e6 5. Nc3 Bb4 6. Bd2 Nf6 7. cxd5 exd5 8. Be2 O-O 9. O-O Re8 10. Rc1 Ne4 11. Be1 Nxc3 12. bxc3 Bd6 13. c4 Be6 14. c5 Be7 15. Bb5 Bg4 16. h3 Bxf3 17. Qxf3 Bf6 18. Bc3 Re4 19. Bd3 Rh4 20. Rb1 b6 21. Bb5 Ne7 22. cxb6 axb6 23. Qe2 c6 24. Bd3 c5 25. Qb2 c4 26. Bc2 Ra6 27. a4 g6 28. Qb5 Qa8 29. Rb2 Nc8 30. Qe8+ Kg7 31. Bb4 Ne7 32. Qxa8 Rxa8 33. Bxe7 Bxd4 34. exd4 Rxd4 35. Rxb6 Rd2 36. Bf6+ Kh6 37. Bd1 d4 38. g4 Rxd1 39. Rxd1 d3 40. Bc3 Rxa4 41. Rb4 Ra6 42. Rxc4 Rd6 43. Rd4 Rd7 44. Rxd7 f5 45. R1xd3 fxg4 46. hxg4 Kg5 47. Rxh7 1-0

[Event "Gatineau TORO U1500"]
[Site "Gatineau CAN"]
[Date "2013.06.08"]
[Round "2"]
[White "Liboiron, Alain"]
[Black "Gareau, Jacques"]
[Result "0-1"]
[WhiteElo "1420"]
[BlackElo "1210"]
[PlyCount "80"]
[GameId "2160767909347644"]
[EventDate "2013.06.07"]
[EventType "swiss"]
[EventRounds "5"]
[EventCountry "CAN"]
[SourceTitle "EXT 2022"]
[Source "ChessBase"]
[SourceDate "2021.10.06"]
[SourceVersion "1"]
[SourceVersionDate "2021.10.06"]
[SourceQuality "1"]

1. e4 c5 2. c3 g6 3. Nf3 d6 4. d4 cxd4 5. cxd4 a6 6. Nc3 b5 7. Be3 Bg7 8. h3 Bd7 9. Rc1 b4 10. Nb1 Qa5 11. Qb3 Nf6 12. Bd3 O-O 13. O-O Ba4 14. Qc4 Nbd7 15. d5 Nb6 16. Qc7 Nfd7 17. Bxb6 Qxb6 18. Qxb6 Nxb6 19. b3 Bd7 20. Rc7 Bh6 21. Nd4 Rfc8 22. Rc2 Rxc2 23. Nxc2 a5 24. Nd4 Rc8 25. f4 Bg7 26. Nb5 Bxb5 27. Bxb5 Rc2 28. a3 Bd4+ 29. Kh1 Bc5 30. axb4 axb4 31. e5 Rb2 32. Re1 Rxb3 33. Nd2 Rb2 34. Ne4 Nxd5 35. exd6 exd6 36. g3 Kg7 37. Bc4 Nc3 38. Ng5 d5 39. Ba6 h6 40. Nf3 Ne4 0-1

[Event "Gatineau TORO U1500"]
[Site "Gatineau CAN"]
[Date "2013.06.08"]
[Round "2"]
[White "Traversy, Pierre"]
[Black "Latreille, Etienne"]
[Result "0-1"]
[WhiteElo "1184"]
[BlackElo "1426"]
[PlyCount "132"]
[GameId "2160767909347645"]
[EventDate "2013.06.07"]
[EventType "swiss"]
[EventRounds "5"]
[EventCountry "CAN"]
[SourceTitle "EXT 2022"]
[Source "ChessBase"]
[SourceDate "2021.10.06"]
[SourceVersion "1"]
[SourceVersionDate "2021.10.06"]
[SourceQuality "1"]

1. d4 d5 2. c4 c6 3. cxd5 cxd5 4. Bf4 Nc6 5. e3 Nf6 6. Nc3 a6 7. h3 g6 8. a3 Bg7 9. Be2 O-O 10. Nf3 e6 11. Rb1 b5 12. b4 Bb7 13. Ne5 Nd7 14. Nxd7 Qxd7 15. Bf3 Rac8 16. Qd2 e5 17. dxe5 Nxe5 18. Bxe5 Bxe5 19. Rc1 Rfd8 20. O-O Ba8 21. Rfd1 Bxc3 22. Rxc3 Rxc3 23. Qxc3 Qe6 24. Qd4 h5 25. h4 Rd7 26. Rc1 Bb7 27. g3 Qf5 28. Bg2 Rd6 29. Qf4 Qxf4 30. exf4 Rd7 31. Rd1 Kg7 32. Rd4 Kf6 33. Bh3 Rd8 34. Bg2 Ke6 35. Kf1 Kd6 36. Ke2 Ra8 37. Kd2 a5 38. Kc3 Rc8+ 39. Kd2 a4 40. Rd3 Rc4 41. Ke3 d4+ 42. Rxd4+ Rxd4 43. Kxd4 Bxg2 44. Ke3 Bd5 45. Kd4 Be6 46. Ke4 Bf5+ 47. Kd4 Bg4 48. Ke4 f5+ 49. Kd4 Bd1 50. Kc3 Kd5 51. Kd3 Bf3 52. Ke3 Kc4 53. Kd2 Kb3 54. Kd3 Be4+ 55. Kd4 Kxa3 56. Kc5 Kb3 57. Kxb5 a3 58. Kc5 a2 59. Kd6 a1=Q 60. Ke6 Qa6+ 61. Kf7 Bd5+ 62. Kg7 Qe6 63. Kh6 Qf6 64. b5 Bg8 65. b6 g5+ 66. Kxh5 Bf7# 0-1

[Event "Gatineau TORO U1500"]
[Site "Gatineau CAN"]
[Date "2013.06.08"]
[Round "2"]
[White "Xu, Yaorui"]
[Black "Vlasenko, Ksenia"]
[Result "0-1"]
[WhiteElo "933"]
[BlackElo "1218"]
[PlyCount "100"]
[GameId "2160767909347646"]
[EventDate "2013.06.07"]
[EventType "swiss"]
[EventRounds "5"]
[EventCountry "CAN"]
[SourceTitle "EXT 2022"]
[Source "ChessBase"]
[SourceDate "2021.10.06"]
[SourceVersion "1"]
[SourceVersionDate "2021.10.06"]
[SourceQuality "1"]

1. e4 c5 2. Nc3 e6 3. Nf3 Nc6 4. Bc4 g6 5. O-O Bg7 6. d3 Nge7 7. Bg5 O-O 8. Re1 Re8 9. Qd2 a6 10. Rad1 b5 11. Bb3 Bb7 12. a3 d6 13. Ba2 Qd7 14. Bh6 d5 15. Bxg7 Kxg7 16. exd5 exd5 17. d4 c4 18. b3 cxb3 19. Bxb3 Na5 20. Ba2 Nc4 21. Bxc4 bxc4 22. Ne5 Qd6 23. a4 Bc8 24. f4 f6 25. Nf3 Bg4 26. h3 Bxf3 27. gxf3 Nf5 28. Rb1 Rxe1+ 29. Rxe1 Nh4 30. Kf2 g5 31. Ne2 Qa3 32. Qe3 Qxe3+ 33. Kxe3 Ng2+ 34. Kf2 Nxe1 35. Kxe1 Re8 36. fxg5 fxg5 37. Kd2 Kf7 38. f4 gxf4 39. Nxf4 Re4 40. Ne2 Rh4 41. Nc3 Rxd4+ 42. Ke3 Rh4 43. Nxd5 Rxh3+ 44. Kd4 Rh4+ 45. Kc3 h5 46. Nb4 Rh3+ 47. Kxc4 Ra3 48. Nxa6 Rxa4+ 49. Kb5 Rxa6 50. Kxa6 h4 0-1

[Event "Gatineau TORO U1500"]
[Site "Gatineau CAN"]
[Date "2013.06.08"]
[Round "3"]
[White "Guentchev, Radoslav"]
[Black "Ethier, Valori"]
[Result "1-0"]
[WhiteElo "1489"]
[BlackElo "1380"]
[PlyCount "83"]
[GameId "2160767909347648"]
[EventDate "2013.06.07"]
[EventType "swiss"]
[EventRounds "5"]
[EventCountry "CAN"]
[SourceTitle "EXT 2022"]
[Source "ChessBase"]
[SourceDate "2021.10.06"]
[SourceVersion "1"]
[SourceVersionDate "2021.10.06"]
[SourceQuality "1"]

1. d4 d5 2. Nf3 Nf6 3. Bf4 Bf5 4. c3 e6 5. Qb3 b6 6. e3 c5 7. Bxb8 Rxb8 8. Bb5+ Nd7 9. Ne5 Rb7 10. Qa4 Bxb1 11. Bxd7+ Rxd7 12. Qxd7+ Qxd7 13. Nxd7 Kxd7 14. Rxb1 Bd6 15. Ke2 Rc8 16. Rhc1 f5 17. c4 cxd4 18. cxd5 exd5 19. Rxc8 Kxc8 20. exd4 Bf4 21. g3 Bd6 22. f4 Kd7 23. Kd3 Kd8 24. Re1 Kd7 25. Re5 g6 26. Rxd5 Kc6 27. Rxd6+ Kxd6 28. Kc4 a6 29. d5 Kd7 30. Kd4 Kd6 31. b3 h6 32. h4 h5 33. a4 a5 34. Kc4 Kc7 35. Kb5 Kd6 36. Kxb6 Kxd5 37. Kxa5 Kc6 38. b4 Kc7 39. b5 Kc8 40. Kb6 Kb8 41. Kc6 Ka7 42. Kc7 1-0

[Event "Gatineau TORO U1500"]
[Site "Gatineau CAN"]
[Date "2013.06.09"]
[Round "4"]
[White "Ethier, Valori"]
[Black "Vlasenko, Ksenia"]
[Result "0-1"]
[WhiteElo "1380"]
[BlackElo "1218"]
[PlyCount "110"]
[GameId "2160767909347650"]
[EventDate "2013.06.07"]
[EventType "swiss"]
[EventRounds "5"]
[EventCountry "CAN"]
[SourceTitle "EXT 2022"]
[Source "ChessBase"]
[SourceDate "2021.10.06"]
[SourceVersion "1"]
[SourceVersionDate "2021.10.06"]
[SourceQuality "1"]

1. e4 c5 2. Nf3 e6 3. d4 cxd4 4. Nxd4 a6 5. Be2 b5 6. a3 Nf6 7. Nc3 Bc5 8. e5 Nd5 9. Nxd5 exd5 10. Nf5 O-O 11. Qxd5 Qb6 12. Be3 Bxe3 13. fxe3 Bb7 14. Qd4 Qxd4 15. exd4 g6 16. Nh4 Re8 17. Bf3 Bxf3 18. Nxf3 Nc6 19. c3 d6 20. O-O-O dxe5 21. dxe5 Nxe5 22. Nxe5 Rxe5 23. Rhe1 Rf5 24. Rd2 Kf8 25. Kc2 h6 26. Re3 h5 27. Red3 Re8 28. g3 Rfe5 29. Rf2 Kg7 30. Rd7 Re2+ 31. Rd2 Rxf2 32. Rxf2 f5 33. Kb3 Re4 34. Rd2 Kf6 35. Rd6+ Re6 36. Rd2 g5 37. Kb4 h4 38. Rf2 hxg3 39. hxg3 Re3 40. g4 Re4+ 41. Ka5 Rxg4 42. Kxa6 f4 43. Kxb5 Rg3 44. c4 Rb3+ 45. Ka4 Rb8 46. c5 Kf5 47. c6 g4 48. Rc2 g3 49. c7 Rc8 50. Kb5 f3 51. Rc5+ Kg4 52. Rc4+ Kh3 53. Rf4 f2 54. Kc6 Kg2 55. Kb7 Rxc7+ 0-1

[Event "Gatineau TORO U1500"]
[Site "Gatineau CAN"]
[Date "2013.06.09"]
[Round "5"]
[White "Carriere, Stephen"]
[Black "Ethier, Valori"]
[Result "1-0"]
[WhiteElo "1380"]
[BlackElo "1218"]
[PlyCount "61"]
[GameId "2160767909347651"]
[EventDate "2013.06.07"]
[EventType "swiss"]
[EventRounds "5"]
[EventCountry "CAN"]
[SourceTitle "EXT 2022"]
[Source "ChessBase"]
[SourceDate "2021.10.06"]
[SourceVersion "1"]
[SourceVersionDate "2021.10.06"]
[SourceQuality "1"]

1. e4 c6 2. Nf3 d5 3. exd5 cxd5 4. Bb5+ Nc6 5. O-O Nf6 6. h3 Bd7 7. Re1 e6 8. d4 Be7 9. Bf4 Ne4 10. Nbd2 a6 11. Ba4 Nxd4 12. Bxd7+ Qxd7 13. Nxd4 Bg5 14. Bxg5 Nxg5 15. N2f3 Ne4 16. Nd2 Nf6 17. Rc1 Qa4 18. N4f3 Qxa2 19. b3 Qa5 20. c4 O-O 21. cxd5 Nxd5 22. Nc4 Qb4 23. Qc2 Rac8 24. Ng5 g6 25. Qb2 h6 26. Nf3 Rfd8 27. Qa3 Rxc4 28. Qb2 Rc3 29. Qd2 Rxc1 30. Qxb4 Rxe1+ 31. Qxe1 1-0

[Event "Gatineau TORO U1900"]
[Site "Gatineau CAN"]
[Date "2013.06.07"]
[Round "1"]
[White "Arsenault, Yves"]
[Black "Piche, Guy"]
[Result "0-1"]
[WhiteElo "1543"]
[BlackElo "1750"]
[PlyCount "120"]
[GameId "2160767909347652"]
[EventDate "2013.06.07"]
[EventType "swiss"]
[EventRounds "5"]
[EventCountry "CAN"]
[SourceTitle "EXT 2022"]
[Source "ChessBase"]
[SourceDate "2021.10.06"]
[SourceVersion "1"]
[SourceVersionDate "2021.10.06"]
[SourceQuality "1"]

1. e4 e5 2. Nf3 d6 3. Nc3 Be6 4. d4 exd4 5. Nxd4 Bd7 6. Bc4 Nf6 7. O-O Be7 8. f4 O-O 9. h3 c6 10. e5 Ne8 11. e6 fxe6 12. Bxe6+ Bxe6 13. Nxe6 Qb6+ 14. Qd4 Qxd4+ 15. Nxd4 Nc7 16. Bd2 Nd7 17. Rae1 Bf6 18. Ne6 Nxe6 19. Rxe6 d5 20. b3 Rae8 21. Rfe1 Rxe6 22. Rxe6 Bxc3 23. Bxc3 Rxf4 24. Re7 Rf7 25. Re8+ Nf8 26. a4 h6 27. Bd4 b6 28. g3 c5 29. Be5 Rd7 30. Kf2 Kf7 31. Rc8 Ng6 32. Bc3 d4 33. Bd2 Ne7 34. Rb8 Nd5 35. Kf3 Re7 36. a5 bxa5 37. Bxa5 Ne3 38. c4 Ke6 39. Rc8 Kd6 40. Ra8 Rd7 41. Rb8 Nc2 42. Bd2 Kc6 43. Re8 Kb6 44. Bf4 Kc6 45. Rc8+ Kb6 46. Rb8+ Rb7 47. Rd8 Re7 48. Rd6+ Kb7 49. Rd5 Rf7 50. Ke4 Re7+ 51. Be5 Kb6 52. Kf3 Ne3 53. Rd6+ Ka5 54. Ke4 Kb4 55. Rc6 Nc2 56. Kd5 Na1 57. Rxc5 Rxe5+ 58. Kxe5 Kxc5 59. Ke4 Nxb3 60. Kd3 Na5 0-1

[Event "Gatineau TORO U1900"]
[Site "Gatineau CAN"]
[Date "2013.06.07"]
[Round "1"]
[White "Danilov, Alex"]
[Black "Labrecque, Rejean"]
[Result "1-0"]
[WhiteElo "1693"]
[BlackElo "1684"]
[PlyCount "99"]
[GameId "2160767909347653"]
[EventDate "2013.06.07"]
[EventType "swiss"]
[EventRounds "5"]
[EventCountry "CAN"]
[SourceTitle "EXT 2022"]
[Source "ChessBase"]
[SourceDate "2021.10.06"]
[SourceVersion "1"]
[SourceVersionDate "2021.10.06"]
[SourceQuality "1"]

1. c4 Nf6 2. g3 g6 3. Bg2 Bg7 4. Nc3 O-O 5. d3 Nc6 6. e4 d6 7. Nge2 Bg4 8. h3 Bd7 9. O-O e5 10. Be3 a6 11. a3 Rb8 12. Qd2 Re8 13. b4 b5 14. Rad1 Be6 15. Nd5 Ne7 16. Nxe7+ Qxe7 17. cxb5 axb5 18. f4 Bc8 19. Nc3 exf4 20. Bxf4 Qd7 21. Bg5 Qe6 22. Bxf6 Bxf6 23. d4 Bd8 24. Kh2 c6 25. d5 cxd5 26. exd5 Qe3 27. Rfe1 Bg5 28. Rxe3 Rxe3 29. Qd4 Bf5 30. g4 Rc8 31. Nxb5 Bc2 32. Nxd6 Bxd1 33. Nxc8 Bc2 34. h4 Rd3 35. Qe5 Bd2 36. Qe8+ Kg7 37. Qe5+ Kg8 38. Nd6 h5 39. Qe8+ Kg7 40. Qxf7+ Kh8 41. Ne8 Bc3 42. Nf6 Be5+ 43. Kg1 Rd1+ 44. Bf1 Bd4+ 45. Kg2 Rd2+ 46. Kh1 Bxf6 47. Qxf6+ Kg8 48. d6 Be4+ 49. Kg1 hxg4 50. Qe6+ 1-0

[Event "Gatineau TORO U1900"]
[Site "Gatineau CAN"]
[Date "2013.06.07"]
[Round "1"]
[White "Douyere, Nicolas"]
[Black "Scantland, Patrick"]
[Result "1-0"]
[WhiteElo "1709"]
[BlackElo "1863"]
[PlyCount "87"]
[GameId "2160767909347654"]
[EventDate "2013.06.07"]
[EventType "swiss"]
[EventRounds "5"]
[EventCountry "CAN"]
[SourceTitle "EXT 2022"]
[Source "ChessBase"]
[SourceDate "2021.10.06"]
[SourceVersion "1"]
[SourceVersionDate "2021.10.06"]
[SourceQuality "1"]

1. d4 Nf6 2. c4 e6 3. Nc3 b6 4. Nf3 Bb7 5. e3 d5 6. cxd5 exd5 7. Ne5 Nbd7 8. Bb5 c5 9. Qa4 Bd6 10. Nc6 Bxc6 11. Bxc6 Rc8 12. dxc5 Bxc5 13. Nxd5 Nxd5 14. Bxd5 O-O 15. O-O Nf6 16. Bf3 Qe7 17. b3 Qe5 18. Ba3 Rc7 19. Rac1 Rfc8 20. Bxc5 Rxc5 21. Rxc5 Qxc5 22. Qxa7 g5 23. h3 h5 24. Qa4 Rc7 25. Rd1 Kg7 26. Qd4 b5 27. a4 Qxd4 28. Rxd4 Rc1+ 29. Rd1 Rc3 30. axb5 Rxb3 31. Bc6 g4 32. Kh2 Rb2 33. Kg3 Kg6 34. e4 gxh3 35. gxh3 Kg5 36. h4+ Kg6 37. Rd6 Kg7 38. f3 Rb3 39. Kf4 Nh7 40. Rd7 Nf8 41. Rxf7+ Kxf7 42. Kg5 Rxf3 43. Kxh5 Rb3 44. Bd5+ 1-0

[Event "Gatineau TORO U1900"]
[Site "Gatineau CAN"]
[Date "2013.06.07"]
[Round "1"]
[White "Germain, Benoit"]
[Black "Leveille, Philippe"]
[Result "1-0"]
[WhiteElo "1687"]
[BlackElo "1811"]
[PlyCount "67"]
[GameId "2160767909347655"]
[EventDate "2013.06.07"]
[EventType "swiss"]
[EventRounds "5"]
[EventCountry "CAN"]
[SourceTitle "EXT 2022"]
[Source "ChessBase"]
[SourceDate "2021.10.06"]
[SourceVersion "1"]
[SourceVersionDate "2021.10.06"]
[SourceQuality "1"]

1. e4 e6 2. d4 d5 3. Nd2 Nf6 4. e5 Nfd7 5. Ngf3 c5 6. c3 Nc6 7. Be2 Be7 8. O-O f6 9. exf6 Nxf6 10. Re1 O-O 11. Bd3 Qb6 12. Nf1 cxd4 13. cxd4 Bb4 14. Re2 Bd7 15. Bg5 Kh8 16. a3 Bd6 17. Bc2 Rae8 18. Qd3 e5 19. dxe5 Nxe5 20. Nxe5 Bb5 21. Qf5 Ne4 22. Nf7+ Rxf7 23. Qxf7 Rf8 24. Qxd5 Nxg5 25. Qxg5 Bxe2 26. Qh4 h6 27. Re1 Be7 28. Qg3 Bd6 29. Qe3 Bc5 30. Qe4 g6 31. Rxe2 Qf6 32. Ne3 Bxe3 33. Qxe3 Qxb2 34. Qxh6+ 1-0

[Event "Gatineau TORO U1900"]
[Site "Gatineau CAN"]
[Date "2013.06.07"]
[Round "1"]
[White "Jureidini, Gabriel"]
[Black "Choiniere, Rene"]
[Result "1-0"]
[WhiteElo "1752"]
[BlackElo "1592"]
[PlyCount "55"]
[GameId "2160767909347656"]
[EventDate "2013.06.07"]
[EventType "swiss"]
[EventRounds "5"]
[EventCountry "CAN"]
[SourceTitle "EXT 2022"]
[Source "ChessBase"]
[SourceDate "2021.10.06"]
[SourceVersion "1"]
[SourceVersionDate "2021.10.06"]
[SourceQuality "1"]

1. e4 e5 2. Nf3 Nc6 3. Bc4 Bc5 4. O-O Nf6 5. Nc3 d6 6. h3 O-O 7. d3 h6 8. Na4 Bb6 9. Nxb6 axb6 10. Be3 Na5 11. Bb3 Bd7 12. Qd2 Kh7 13. Nh2 c5 14. f4 Nxb3 15. axb3 Rxa1 16. Rxa1 exf4 17. Bxf4 Bc6 18. c4 Nh5 19. Be3 f5 20. exf5 Ng3 21. d4 cxd4 22. Bxd4 Ne4 23. Qf4 Nc5 24. Qg3 Rf7 25. Qg6+ Kg8 26. Ng4 Qg5 27. Ra8+ Rf8 28. Nf6+ 1-0

[Event "Gatineau TORO U1900"]
[Site "Gatineau CAN"]
[Date "2013.06.07"]
[Round "1"]
[White "Lavergne, Daniel"]
[Black "Tomalty, Alan"]
[Result "0-1"]
[WhiteElo "1833"]
[BlackElo "1691"]
[PlyCount "124"]
[GameId "2160767909347657"]
[EventDate "2013.06.07"]
[EventType "swiss"]
[EventRounds "5"]
[EventCountry "CAN"]
[SourceTitle "EXT 2022"]
[Source "ChessBase"]
[SourceDate "2021.10.06"]
[SourceVersion "1"]
[SourceVersionDate "2021.10.06"]
[SourceQuality "1"]

1. e4 e5 2. Nf3 Nf6 3. Nxe5 d6 4. Nf3 Nxe4 5. d4 d5 6. Bd3 Bd6 7. O-O O-O 8. Nbd2 Bf5 9. Re1 Re8 10. Nf1 Nd7 11. Ne3 Be6 12. c3 Ndf6 13. Qc2 c6 14. g3 Bh3 15. Nh4 Qc7 16. Nef5 Bf8 17. Bf4 Qd7 18. f3 Bxf5 19. Nxf5 Qxf5 20. fxe4 dxe4 21. Bc4 b5 22. Bb3 Nd5 23. Be5 f6 24. Bf4 Kh8 25. Bd2 Bd6 26. a4 Nc7 27. axb5 cxb5 28. Rf1 Qg6 29. Be3 Bxg3 30. Kh1 Bd6 31. Rg1 Qh5 32. Raf1 Qh3 33. Qf2 Bxh2 34. Qxh2 Qxe3 35. Qxc7 Qh6+ 36. Qh2 Qxh2+ 37. Kxh2 Re7 38. Rf5 a6 39. Kg3 Rf8 40. Ra1 g6 41. Rc5 e3 42. Re1 f5 43. Re5 f4+ 44. Kf3 Rxe5 45. dxe5 g5 46. Rd1 h5 47. Rh1 g4+ 48. Ke2 Rf5 49. e6 Re5 50. e7 f3+ 51. Ke1 Kg7 52. e8=Q Rxe8 53. Rxh5 Kg6 54. Rh1 Kg5 55. Bd5 Kf4 56. Rh7 Rd8 57. Be6 Rd6 58. Re7 g3 59. Rf7+ Ke4 60. Bf5+ Ke5 61. Bg4 g2 62. Rf5+ Ke4 0-1

[Event "Gatineau TORO U1900"]
[Site "Gatineau CAN"]
[Date "2013.06.07"]
[Round "1"]
[White "Legault, Stephane"]
[Black "Dagenais, Benoit"]
[Result "1-0"]
[WhiteElo "1502"]
[BlackElo "1732"]
[PlyCount "53"]
[GameId "2160767909347658"]
[EventDate "2013.06.07"]
[EventType "swiss"]
[EventRounds "5"]
[EventCountry "CAN"]
[SourceTitle "EXT 2022"]
[Source "ChessBase"]
[SourceDate "2021.10.06"]
[SourceVersion "1"]
[SourceVersionDate "2021.10.06"]
[SourceQuality "1"]

1. e4 Nf6 2. Nc3 d5 3. exd5 Nxd5 4. Nxd5 Qxd5 5. c4 Qe4+ 6. Qe2 Bf5 7. Qxe4 Bxe4 8. d3 Bg6 9. Bf4 Nc6 10. Bxc7 e5 11. Nf3 Bb4+ 12. Kd1 f6 13. a3 Bc5 14. b4 Bxf2 15. Bd6 e4 16. dxe4 O-O-O 17. c5 Bxe4 18. Ra2 Bd4 19. Bc4 Bxf3+ 20. gxf3 Ne5 21. Be6+ Nd7 22. f4 Rhe8 23. Re1 g6 24. Rc2 Rxe6 25. Rxe6 Nf8 26. Re7 h5 27. Rc7+ 1-0

[Event "Gatineau TORO U1900"]
[Site "Gatineau CAN"]
[Date "2013.06.07"]
[Round "1"]
[White "Villeneuve, Luc"]
[Black "Jobin, Gilles G"]
[Result "1-0"]
[WhiteElo "1671"]
[BlackElo "1775"]
[PlyCount "73"]
[GameId "2160767909347661"]
[EventDate "2013.06.07"]
[EventType "swiss"]
[EventRounds "5"]
[EventCountry "CAN"]
[SourceTitle "EXT 2022"]
[Source "ChessBase"]
[SourceDate "2021.10.06"]
[SourceVersion "1"]
[SourceVersionDate "2021.10.06"]
[SourceQuality "1"]

1. d4 d5 2. c4 e6 3. Nf3 Nf6 4. Nc3 c6 5. e3 Bb4 6. Bd2 Nbd7 7. Bd3 O-O 8. O-O Bxc3 9. Bxc3 Ne4 10. Bb4 Re8 11. Qc2 f5 12. b3 Qb6 13. Ba3 Qa5 14. Bb2 Qd8 15. Ne5 Nxe5 16. dxe5 Nc5 17. Be2 Nd7 18. cxd5 exd5 19. f4 Qb6 20. Rf3 Nf8 21. Bd4 Qd8 22. Rd1 Be6 23. Rg3 Nd7 24. Kh1 a6 25. Bd3 Rf8 26. Rg5 g6 27. b4 Rc8 28. a3 Qe8 29. Rc1 Kh8 30. Qf2 Rf7 31. Qh4 Rg7 32. Qh6 Qf8 33. g4 Rf7 34. Rxg6 Qxh6 35. Rxh6 Kg7 36. Rxe6 Nf8 37. Rd6 1-0

[Event "Gatineau TORO U1900"]
[Site "Gatineau CAN"]
[Date "2013.06.07"]
[Round "1"]
[White "Vlasenko, Konstantin"]
[Black "Georgiev, Anton"]
[Result "0-1"]
[WhiteElo "1647"]
[BlackElo "1753"]
[PlyCount "98"]
[GameId "2160767909347662"]
[EventDate "2013.06.07"]
[EventType "swiss"]
[EventRounds "5"]
[EventCountry "CAN"]
[SourceTitle "EXT 2022"]
[Source "ChessBase"]
[SourceDate "2021.10.06"]
[SourceVersion "1"]
[SourceVersionDate "2021.10.06"]
[SourceQuality "1"]

1. e4 c5 2. Nf3 d6 3. d4 cxd4 4. Nxd4 Nf6 5. Nc3 a6 6. Bg5 e6 7. a4 Be7 8. Qd2 Nc6 9. Nxc6 bxc6 10. Bc4 Rb8 11. Bb3 d5 12. Bxf6 Bxf6 13. exd5 cxd5 14. O-O O-O 15. a5 Bd7 16. Ra2 Qc7 17. Ba4 Bxa4 18. Nxa4 Qc4 19. b3 Qh4 20. g3 Qg4 21. Nc5 Ra8 22. Qd3 Ra7 23. Ra4 Qg6 24. Qe2 Rfa8 25. Rd1 Be7 26. Rg4 Qf6 27. Rf4 Qc3 28. Nxe6 fxe6 29. Qxe6+ Kh8 30. Rf7 Qb4 31. Qxd5 Rf8 32. Rxf8+ Bxf8 33. Qd8 Rf7 34. Qb6 Qg4 35. Rd8 Qf5 36. Ra8 Rf6 37. Qe3 Qxa5 38. Kg2 Qd5+ 39. f3 Qxa8 40. c4 Qc6 41. h4 h6 42. g4 Bc5 43. Qc3 Qd6 44. g5 hxg5 45. hxg5 Rg6 46. f4 Qxf4 47. Qh3+ Kg8 48. Qc8+ Bf8 49. Kh1 Qxg5 0-1

[Event "Gatineau TORO U1900"]
[Site "Gatineau CAN"]
[Date "2013.06.08"]
[Round "2"]
[White "Duplessis, Jean-Roch"]
[Black "Lecorre, Joel"]
[Result "1/2-1/2"]
[WhiteElo "1700"]
[BlackElo "1523"]
[PlyCount "60"]
[GameId "2160767909347663"]
[EventDate "2013.06.07"]
[EventType "swiss"]
[EventRounds "5"]
[EventCountry "CAN"]
[SourceTitle "EXT 2022"]
[Source "ChessBase"]
[SourceDate "2021.10.06"]
[SourceVersion "1"]
[SourceVersionDate "2021.10.06"]
[SourceQuality "1"]

1. e4 e5 2. Nf3 Nc6 3. Nc3 Nf6 4. Bb5 Bc5 5. O-O d6 6. d4 exd4 7. Nxd4 Bd7 8. Bxc6 Bxc6 9. Nxc6 bxc6 10. Bg5 O-O 11. Qf3 Re8 12. Rad1 Re5 13. Bxf6 Qxf6 14. Na4 Qe6 15. Qb3 Qxb3 16. axb3 Rae8 17. Rfe1 Bb6 18. Nxb6 axb6 19. f3 f5 20. Rd4 d5 21. Kf2 fxe4 22. fxe4 dxe4 23. Ke3 g5 24. Ra1 c5 25. Rd7 R8e7 26. Rxe7 Rxe7 27. Ra4 Kf7 28. Rxe4 Rxe4+ 29. Kxe4 Ke6 30. g4 b5 1/2-1/2

[Event "Gatineau TORO U1900"]
[Site "Gatineau CAN"]
[Date "2013.06.08"]
[Round "2"]
[White "Georgiev, Anton"]
[Black "Germain, Benoit"]
[Result "1-0"]
[WhiteElo "1753"]
[BlackElo "1687"]
[PlyCount "55"]
[GameId "2160767909347664"]
[EventDate "2013.06.07"]
[EventType "swiss"]
[EventRounds "5"]
[EventCountry "CAN"]
[SourceTitle "EXT 2022"]
[Source "ChessBase"]
[SourceDate "2021.10.06"]
[SourceVersion "1"]
[SourceVersionDate "2021.10.06"]
[SourceQuality "1"]

1. d4 Nf6 2. c4 e6 3. Nc3 d5 4. e3 Be7 5. Nf3 O-O 6. Bd3 Nbd7 7. O-O c6 8. b3 Bd6 9. Bb2 Re8 10. Rc1 Nf8 11. Ne5 Qe7 12. f4 N6d7 13. Qf3 f6 14. Ng4 f5 15. Ne5 Nf6 16. g4 Ne4 17. Rc2 g6 18. Rg2 Kh8 19. Qh3 Bxe5 20. fxe5 Nd7 21. gxf5 gxf5 22. Bxe4 fxe4 23. Qg4 b6 24. Ba3 c5 25. cxd5 exd5 26. Nxd5 Nxe5 27. Qg3 Qb7 28. Qxe5+ 1-0

[Event "Gatineau TORO U1900"]
[Site "Gatineau CAN"]
[Date "2013.06.08"]
[Round "2"]
[White "Jobin, Gilles G"]
[Black "Arsenault, Yves"]
[Result "1/2-1/2"]
[WhiteElo "1775"]
[BlackElo "1543"]
[PlyCount "113"]
[GameId "2160767909347665"]
[EventDate "2013.06.07"]
[EventType "swiss"]
[EventRounds "5"]
[EventCountry "CAN"]
[SourceTitle "EXT 2022"]
[Source "ChessBase"]
[SourceDate "2021.10.06"]
[SourceVersion "1"]
[SourceVersionDate "2021.10.06"]
[SourceQuality "1"]

1. e4 c5 2. d3 Nc6 3. Nc3 Nf6 4. Be2 g6 5. f4 d6 6. Nf3 e5 7. O-O Bg7 8. Kh1 O-O 9. fxe5 dxe5 10. Bg5 Re8 11. Qd2 a6 12. Nd5 Qd6 13. Bxf6 Bxf6 14. Nxf6+ Qxf6 15. Ng5 Qd8 16. Nxf7 Qe7 17. Nh6+ Kh8 18. Rf7 Qd8 19. Rxb7 Be6 20. Nf7+ Bxf7 21. Rxf7 Re7 22. Rf6 Nd4 23. Bg4 Rb7 24. Raf1 Rxb2 25. h3 Rbb8 26. c3 Nb5 27. Qh6 Qg8 28. Be6 Qg7 29. Qxg7+ Kxg7 30. Rf7+ Kh6 31. Bd5 Ra7 32. Rxa7 Nxa7 33. Bc4 Nb5 34. Rb1 Rb7 35. a4 Nd6 36. Rxb7 Nxb7 37. Bxa6 Nd8 38. Bb5 Nb7 39. Kh2 Kg5 40. Kg3 h5 41. Kf3 Kf6 42. Ke3 g5 43. d4 Ke6 44. d5+ Kd6 45. Kf3 Ke7 46. Kg3 Nd6 47. Bd3 c4 48. Bc2 Nb7 49. Kf3 Kd6 50. Ke3 Na5 51. Kd2 Kc5 52. Kc1 Kd6 53. Kb2 Kc5 54. Bd1 h4 55. Ka3 Nb7 56. Be2 Nd6 57. Bf3 1/2-1/2